| 000 | 00577nam a2200205Ia 4500 | ||
|---|---|---|---|
| 005 | 20250508165759.0 | ||
| 008 | 008 250505s9999 xx 000 0 eng d | ||
| 020 | _a978-1-78471-085-9 | ||
| 037 | _aReference | ||
| 040 |
_aFEDL _beng _cFEDL |
||
| 041 |
_aeng _2eng |
||
| 084 |
_a422, TAY/RR _qFEDL |
||
| 100 |
_aTaylor John R Ed. _9471747 |
||
| 245 | 0 | _aOxford handbook of the world | |
| 260 |
_aNew York, USA _bOxford univerisity press _c2015 |
||
| 300 | _axviii, 864p. | ||
| 365 |
_aINR _b5995 |
||
| 942 |
_cREF _h422, TAY/RR |
||
| 999 |
_c1397427 _d1397427 |
||